000 00673nam a2200241Ia 4500
003 OSt
005 20220918185359.0
006 a|||||r|||| 00| 0
007 ta
008 220917b |||||||| |||| 00| 0 eng d
024 _a50,803
037 _cTextual
040 _aARTS
_cARTS
_beng
041 _2eng
_aeng
082 _aP:(S), J4 (PD)
100 _aRoback A A
_968841
245 0 _aDestiny and motivation in language
_b studies in psycholonguistics and glossodyamics
260 _aCambridge
_bSciart Pub
_c1954
300 _a474p.
_ccm.
650 _aLINGUISTICS
942 _hP:(S), J4 (PD)
_cTEXL
_2CC
999 _c180398
_d180398